| 000 | 00622cab a2200229 4500 | ||
|---|---|---|---|
| 001 | A175 | ||
| 008 | 090401t1989 xxu||||| |||| 00| 0 eng d | ||
| 035 | _a(Sirsi) u27461 | ||
| 041 | _aeng | ||
| 100 | _aHiggins, Matthew | ||
| 245 | 4 | _aThe space industry and the surveyor | |
| 260 | _c1989 | ||
| 350 | _a0 | ||
| 490 |
_aLand & Minerals Surveying _v7(12) December 1989, 577-583(7) |
||
| 520 | _aThe use of geographical information systems in the Australian space industry. | ||
| 650 | _aAUSTRALIA | ||
| 650 | _aGIS | ||
| 650 | _aSPACE INDUSTRY | ||
| 690 | _aLAND SURVEYING | ||
| 942 | _n0 | ||
| 948 | _c04/03/1997 | ||
| 999 |
_c18482 _d18482 |
||